000 00328nam a2200133Ia 4500
008 191201s2007 xx 000 0 und d
100 _aAHUJA,M L
245 0 _aEminent Indians : Economists And Industrialists
250 _a2nd IMP
260 _aN. Delhi
_bRupa and Co
_c2007
300 _a120
650 _aBBA
942 _2ddc
_cBK
999 _c4491
_d4491